| 000 | 00565nam a2200181 a 4500 | ||
|---|---|---|---|
| 005 | 20240808063712.0 | ||
| 008 | 991125s1979 mx 000 0 spa u | ||
| 035 | _aUPN01000025655 | ||
| 049 | _aCG | ||
| 050 | 4 |
_aHA29 _bW6.48 |
|
| 100 | 1 | _aWonnacott, Thomas H. | |
| 245 | 1 | 0 |
_aFundamentos de estadística para administración y economía / _cThomas H. Wonnacott, Ronald J. Wonnacott ; tr. Norma Horenstein. |
| 260 |
_aMéxico : _bLimusa, _c1979. |
||
| 300 | _a623 p. | ||
| 650 | 4 |
_aEstadística _92988 |
|
| 700 | 1 |
_aWonnacott, Ronald J., _ecoaut. |
|
| 905 | _aLibro | ||
| 999 |
_c25655 _d25655 |
||